Tvorba WWW stránek pro úplné začátečníky

Salvato in:
Dettagli Bibliografici
Autore principale: Domes, Martin (Autore)
Natura: Libro
Lingua:ceco
Pubblicazione: Brno : Computer Press, 2008
Soggetti:
Tags: Aggiungi Tag
Nessun Tag, puoi essere il primo ad aggiungerne!!

MARC

LEADER 00000nam a22000003a 4500
001 stu195475
005 20150617230028.4
008 091104s2008----xr------------------cze-d
020 |a 978-80-251-2160-3 
040 |a STU  |b slo 
041 0 |a cze 
044 |a xr 
080 |a 004.738.52 
100 1 |a Domes, Martin  |4 aut 
245 1 |a Tvorba WWW stránek pro úplné začátečníky 
260 |a Brno :  |b Computer Press,  |c 2008 
300 |a 246 s 
650 7 |a www stránky  |2 stusub 
650 7 |a HTML  |2 stusub 
996 |b 284EK88046  |c E*88046  |l EE11  |s P  |a 0  |w stu195475_0001